Human rights and the constitution : (Record no. 123335)
[ view plain ]
| 000 -LEADER | |
|---|---|
| fixed length control field | 00710nam a22002297a 4500 |
| 005 - DATE AND TIME OF LATEST TRANSACTION | |
| control field | 20170124105923.0 |
| 010 ## - LIBRARY OF CONGRESS CONTROL NUMBER | |
| LC control number | B-121641 |
| 020 ## - INTERNATIONAL STANDARD BOOK NUMBER | |
| Terms of availability | 890.00 |
| International Standard Book Number | 81210819 |
| 035 ## - SYSTEM CONTROL NUMBER | |
| System control number | B-121641 |
| 037 ## - SOURCE OF ACQUISITION | |
| Source of stock number/acquisition | Cen Lib/Ret |
| 040 ## - CATALOGING SOURCE | |
| Original cataloging agency | DPL |
| Language of cataloging | EN |
| 082 ## - DEWEY DECIMAL CLASSIFICATION NUMBER | |
| Classification number | 323 |
| Item number | HUM |
| 245 ## - TITLE STATEMENT | |
| Title | Human rights and the constitution : |
| Statement of responsibility, etc | edited K.P. Saksena |
| Remainder of title | vision and the reality / |
| 260 ## - PUBLICATION, DISTRIBUTION, ETC. (IMPRINT) | |
| Place of publication, distribution, etc | New Delhi |
| Name of publisher, distributor, etc | Gyan Publishing House |
| Date of publication, distribution, etc | 2003 |
| 270 ## - ADDRESS | |
| Address | 5, Ansari Road Darya Ganj |
| City | New Delhi |
| Postal code | 110002 |
| 300 ## - PHYSICAL DESCRIPTION | |
| Extent | 397p. |
| Dimensions | 20cm(Hb) |
| 500 ## - GENERAL NOTE | |
| General note | Includes index |
| 650 ## - SUBJECT ADDED ENTRY--TOPICAL TERM | |
| Topical term or geographic name as entry element | Constitutional law -- India |
| 9 (RLIN) | 73717 |
| 650 ## - SUBJECT ADDED ENTRY--TOPICAL TERM | |
| Topical term or geographic name as entry element | Human rights -- India |
| 9 (RLIN) | 2461 |
| 700 ## - ADDED ENTRY--PERSONAL NAME | |
| Personal name | Saksena, K.P. |
| 9 (RLIN) | 5465 |
| 942 ## - ADDED ENTRY ELEMENTS (KOHA) | |
| Source of classification or shelving scheme | Dewey Decimal Classification |
| Koha item type | English Books |
| Classification part | 323 |
| Call number suffix | HUM |
| Withdrawn status | Lost status | Damaged status | Not for loan | Home library | Current library | Date acquired | Source of acquisition | Cost, normal purchase price | Total Checkouts | Total Renewals | Full call number | Barcode | Date last seen | Date checked out | Copy number | Cost, replacement price | Price effective from | Koha item type |
|---|---|---|---|---|---|---|---|---|---|---|---|---|---|---|---|---|---|---|
| Central Library | Central Library | 05/06/2015 | Cen Lib/Ret | 890.00 | 4 | 1 | 323 HUM | B-121641 | 21/03/2022 | 07/03/2022 | 1 | 890.00 | 05/06/2015 | English Books |
